00917cpcaa2200253 4500001001300000003000400013005001700017008004100034010001700075040002400092072001200116245004200128300001300170300001800183506002200201520024000223546003600463650001700499650001600516650002500532651004400557651004500601999001700646mm 82098640 DLC20260227111718.0830110|||||||||||| eng  amm 82098640  aDLCcDLCedacsdDLC 7aS2lcmd00aNavigation exercise book,f1813-1814. a1fitem. a1fcontainer.0 aOpen to research.8 aManuscript volume (101 pages) of exercises and problems in geometry, trigonometry, and navigation kept by an unknown person. Includes "Journal of a Voyage from Boston to Madeira" (1813 September 23-1814 January 25), maps, and drawings. aCollection material in English. 0aMathematics. 0aNavigation. 0aVoyages and travels. 0aBoston (Mass.)xDescription and travel. 0aMadeira IslandsxDescription and travel. c43842d43842